| 000 | 00829nam a2200241 i 4500 | ||
|---|---|---|---|
| 001 | 179800 | ||
| 003 | ES-MaACL | ||
| 005 | 20251116063114.0 | ||
| 008 | 120125s2006 sp |||| | spa d | ||
| 020 | _a978-84-96452-29-9 | ||
| 080 | _a821.134.2-21"15" | ||
| 100 | 1 |
_aRojas, Fernando de, _dca. 1470-1541 _999042 |
|
| 240 | 1 | 3 | _aLa Celestina |
| 245 | 1 | 3 |
_aLa Celestina _b: tragicomedia de Calisto y Melibea / _cFernando de Rojas ; edición de Emilio de Miguel. |
| 260 |
_aMadrid : _bFundación José Antonio de Castro, _c[2006] |
||
| 300 |
_a296 p. : _bil. ; _c23 cm. |
||
| 490 | 1 | _aBiblioteca Castro | |
| 700 | 1 |
_aMiguel Martínez, Emilio de. _9141785 |
|
| 710 | 2 |
_aFundación José Antonio de Castro. _94339 |
|
| 830 | 1 |
_aBiblioteca Castro _9178957 |
|
| 852 |
_aES-MaACL _jL-29770 |
||
| 999 |
_c179800 _d179800 |
||